| Tag |
First Indicator |
Second Indicator |
Subfields |
| LEADER |
00000cam a2200000 a 4500 |
| 001 |
in00001761863 |
| 005 |
20151025051826.0 |
| 008 |
020801s2003 nyua b 001 0 eng |
| 010 |
|
|
|a 2002030377
|
| 020 |
|
|
|a 0333679741
|
| 020 |
|
|
|a 033367975X (pbk.)
|
| 035 |
|
|
|a (OCoLC)ocm50403830
|
| 040 |
|
|
|a DLC
|c DLC
|d C#P
|d TXA
|d UtOrBLW
|
| 049 |
|
|
|a TXAM
|
| 050 |
0 |
0 |
|a PR2981.5
|b .S488 2003
|
| 082 |
0 |
0 |
|a 822.3/3
|2 21
|
| 245 |
0 |
0 |
|a Shakespeare's romances /
|c edited by Alison Thorne.
|
| 264 |
|
1 |
|a New York :
|b Palgrave Macmillan,
|c 2003.
|
| 300 |
|
|
|a xi, 255 pages :
|b illustrations ;
|c 23 cm.
|
| 336 |
|
|
|a text
|b txt
|2 rdacontent
|
| 337 |
|
|
|a unmediated
|b n
|2 rdamedia
|
| 338 |
|
|
|a volume
|b nc
|2 rdacarrier
|
| 490 |
1 |
|
|a New casebooks series
|
| 504 |
|
|
|a Includes bibliographical references (pages 245-249) and index.
|
| 600 |
1 |
0 |
|a Shakespeare, William,
|d 1564-1616
|x Tragicomedies.
|
| 650 |
|
0 |
|a Tragicomedy.
|
| 700 |
1 |
|
|a Thorne, Alison,
|d 1959-
|
| 830 |
|
0 |
|a New casebooks (Palgrave Macmillan (Firm))
|
| 948 |
|
|
|a cataloged
|b h
|c 2003/5/2
|d c
|e eneff
|f 10:41:41 am
|
| 994 |
|
|
|a E0
|b TXA
|
| 999 |
|
|
|a MARS
|
| 999 |
f |
f |
|s 9be0c602-9300-3207-a2ac-62d05a57ca5a
|i b6f4ac97-bf2d-3a4a-a660-d7782f7d3957
|t 0
|
| 952 |
f |
f |
|p normal
|a Texas A&M University
|b College Station
|c Sterling C. Evans Library
|d Evans: Library Stacks
|t 0
|e PR2981.5 .S488 2003
|h Library of Congress classification
|i unmediated -- volume
|m A14829742163
|
| 998 |
f |
f |
|a PR2981.5 .S488 2003
|t 0
|l Evans: Library Stacks
|